|
|
|
|
| LEADER |
00000nas a2200000 a 4500 |
| 001 |
vtls008688169 |
| 003 |
SK-MaSNL |
| 005 |
20260228160208.0 |
| 008 |
060404c19uu9999xxkar dh 0 b0eng |
| 022 |
|
|
|a 0074-9613
|
| 040 |
|
|
|a SNK
|b slo
|c SNK
|e AACR2
|
| 041 |
0 |
|
|a eng
|
| 044 |
|
|
|a xxk
|c GB
|
| 072 |
|
7 |
|a 030
|x Všeobecné príručkové diela
|2 konspekt
|
| 072 |
|
7 |
|a 929
|x Biografie
|2 konspekt
|
| 080 |
|
|
|a 929
|2 2001
|
| 080 |
|
|
|a (031)929
|2 2001
|
| 080 |
|
|
|a (058)
|2 2001
|
| 245 |
0 |
4 |
|a The international who’s who
|
| 260 |
|
|
|a London
|b Europa Publications
|
| 300 |
|
|
|a zv.
|c 28 cm
|
| 310 |
|
|
|a 1x ročne
|
| 500 |
|
|
|a Popis podľa: 68th ed. (2005)
|
| 500 |
|
|
|a Predchádzajúce vydania nachádzajúce sa vo fonde SNK spracované ako monografia
|
| 650 |
0 |
7 |
|a osobnosti
|2 SNKPH
|9 29820
|
| 655 |
|
7 |
|a biografické slovníky
|2 SNKPH
|9 51960
|
| 655 |
|
7 |
|a ročenky
|2 SNKPH
|9 57146
|
| 910 |
|
|
|a snk
|
| 999 |
|
|
|c 1867
|d 3797
|
| 952 |
|
|
|0 0
|1 1
|4 0
|7 0
|8 3
|a SNKUST
|b SNKUST
|d 2006-04-04
|g 752.17
|i snk2006/6995
|l 0
|o snkČB 5793/68/2005
|p 17A0488849
|r 2025-03-20 00:00:00
|t snkWHO/2005 929(058)
|w 2026-02-21
|y PREZ
|z snkWHO/2005 929(058)
|